| 000 | 00643nam a22001697a 4500 | ||
|---|---|---|---|
| 003 | UA-OsUOA | ||
| 001 | 18140 | ||
| 007 | ta | ||
| 008 | 20040420b un ||||| |||| 00| 0 ukr d | ||
| 942 | _cSA | ||
| 040 |
_aUA-OsUOA _cUA-OsUOA _dUA-OsUOA |
||
| 245 |
_aЗолоте сузір'я - 2003 _b[Експозиція, присвячена рівнен. літераторам, митцям відкрита у Рівнен. краєзн. музеї "Золоте сузір'я - 2003"] |
||
| 300 | _aС.4 | ||
| 955 | _a0 | ||
| 773 | 0 |
_w0 _tВолинські відомості _dРівне _d2004 _gЧ.1/2 |
|
| 650 | 7 |
_aВиставки _2UDC |
|
| 999 |
_c304310 _d304310 |
||